Publicaciones del XII Congreso Nacional de la Sociedad Española de Cirugía Ortopédica y Traumatología, S. O. C. O. T (Record no. 114408)

MARC details
000 -LEADER
campo de control de longitud fija 00910nam a22002411 4500
001 - NÚMERO DE CONTROL
campo de control 114408
003 - IDENTIFICADOR DE NÚMERO DE CONTROL
campo de control ES-MaACL
005 - FECHA Y HORA DE LA ÚLTIMA TRANSACCIÓN
campo de control 20250814001034.0
007 - CAMPO FIJO DE DESCRIPCIÓN FÍSICA--INFORMACIÓN GENERAL
campo de control de longitud fija t|
008 - DATOS DE LONGITUD FIJA--INFORMACIÓN GENERAL
campo de control de longitud fija 070227s1968 sp ||||0| spa d
016 7# - NÚMERO DE CONTROL DE UNA AGENCIA BIBLIOGRÁFICA NACIONAL
Número de control cancelado/no válido IND9900845965
040 ## - FUENTE DE CATALOGACIÓN
Centro catalogador/agencia de origen M-BN
Lengua de catalogación spa
Centro/agencia transcriptor CDM
080 ## - NÚMERO DE LA CLASIFICACIÓN DECIMAL UNIVERSAL
Número de la Clasificación Decimal Universal 617.3(063)
080 ## - NÚMERO DE LA CLASIFICACIÓN DECIMAL UNIVERSAL
Número de la Clasificación Decimal Universal 616-001(063)
110 2# - ENTRADA PRINCIPAL--NOMBRE DE ENTIDAD CORPORATIVA
Nombre de entidad corporativa o nombre de jurisdicción como elemento de entrada Sociedad Española de Cirugía Ortopédica y Traumatología.
Unidad subordinada Congreso Nacional
Número del congreso/reunión o número de parte o sección (12º.
Fecha del congreso o de la firma del tratado 1968.
Sede del congreso/Lugar de la reunión Zaragoza)
9 (RLIN) 6718
245 10 - MENCIÓN DEL TÍTULO
Título Publicaciones del XII Congreso Nacional de la Sociedad Española de Cirugía Ortopédica y Traumatología, S. O. C. O. T
Resto del título : Zaragoza, 30 septiembre, 1-2 octubre 1968.
260 ## - PUBLICACIÓN, DISTRIBUCIÓN, ETC.
Lugar de publicación, distribución, etc. [Barcelona :
Nombre del editor, distribuidor, etc. [s.n.],
Fecha de publicación, distribución, etc. 1968]
300 ## - DESCRIPCIÓN FÍSICA
Extensión 232 p., 1 h ;
Dimensiones 24 cm.
650 14 - PUNTO DE ACCESO ADICIONAL DE MATERIA--TÉRMINO DE MATERIA
Término de materia o nombre geográfico como elemento de entrada Traumatología-
Subdivisión de forma Congresos y asambleas.
9 (RLIN) 17644
650 14 - PUNTO DE ACCESO ADICIONAL DE MATERIA--TÉRMINO DE MATERIA
Término de materia o nombre geográfico como elemento de entrada Ortopedia-
Subdivisión de forma Congresos y asambleas.
9 (RLIN) 15777
852 ## - LOCALIZACIÓN
Ubicación ES-MaACL
Número de control de estantería C-46690
Sublocalización o colección R.67658
Holdings
Estatus retirado Estado de pérdida Estado de daño No para préstamo Biblioteca de origen Biblioteca actual Ubicación en estantería Fecha de adquisición Fuente de adquisición Total de préstamos Signatura topográfica completa Código de barras Visto por última vez Precio de reemplazo Tipo de ítem Koha
        Biblioteca del Ateneo de Madrid Biblioteca del Ateneo de Madrid Depósito 2 17/01/2008     C-46690 1119311 23/02/2023 23/02/2023 Libro impreso